000 00674nam a2200277Ia 4500
005 20260324133112.0
008 008 260324s9999 xx 000 0 eng d
020 _a9780203380734
037 _aEBOOK
040 _aCRL
040 _beng
040 _cCRL
041 _2eng
041 _aeng
084 _qCRL
100 _aNoriko Yokoi
_91191803
245 0 _aJapan's Postwar Economic Recovery and Anglo-Japanese Relations, 1948-1962
260 _bTaylor and Francis
260 _c2003
365 _a
365 _b205
856 _uhttp://www.taylorfrancis.com/books/9780203380734
942 _cEBOOK
999 _c1790548
_d1790548